[Event "SWE-chT2 1314"]
[Site "Sweden"]
[Date "2013.11.22"]
[Round "1"]
[White "Larsson, Dan"]
[Black "Lindborg, Petter"]
[Result "1-0"]
[WhiteElo "2067"]
[BlackElo "2201"]
[PlyCount "87"]
[EventDate "2013.11.22"]
[EventType "team-tourn"]
[EventRounds "9"]
[EventCountry "SWE"]
[SourceTitle "EXT 2015"]
[Source "ChessBase"]
[SourceDate "2014.11.20"]
[SourceVersion "1"]
[SourceVersionDate "2014.11.20"]
[SourceQuality "1"]
[WhiteTeam "Manhem II"]
[BlackTeam "Solna"]
[WhiteTeamCountry "SWE"]
[BlackTeamCountry "SWE"]

1. e4 e6 2. d4 d5 3. exd5 exd5 4. Bd3 Nc6 5. Nf3 Bg4 6. c3 Bd6 7. Be3 Nge7 8. Nbd2 Qd7 9. Qc2 0-0-0 10. 0-0-0 h6 11. Rde1 g5 12. Ng1 f5 13. h3 Bh5 14. Nb3 f4 15. Bd2 Rhg8 16. h4 Bg6 17. hxg5 Bxd3 18. Qxd3 hxg5 19. Ne2 Qf5 20. Kc2 Rh8 21. Nc5 Bxc5 22. dxc5 Qxd3+ 23. Kxd3 Ng6 24. Nd4 Nxd4 25. cxd4 Kd7 26. b4 c6 27. a4 a6 28. g3 fxg3 29. fxg3 g4 30. Ref1 Ke6 31. Bh6 Rh7 32. Re1+ Kd7 33. Bg5 Rdh8 34. Rxh7+ Rxh7 35. Rf1 Rg7 36. Ke3 Ne7 37. Bh4 Rg6 38. Rf7 Re6+ 39. Kd3 Ke8 40. Rxe7+ Rxe7 41. Bxe7 Kf7 42. Bd8 Kg6 43. Ke3 Kf5 44. Bh4 1-0

[Event "Heart of Finland op 23rd"]
[Site "Jyvaskyla"]
[Date "2013.07.08"]
[Round "1"]
[White "Kochyev, Alexander"]
[Black "Lindborg, Petter"]
[Result "1/2-1/2"]
[WhiteElo "2417"]
[BlackElo "2195"]
[PlyCount "31"]
[EventDate "2013.07.08"]
[EventType "swiss"]
[EventRounds "9"]
[EventCountry "FIN"]
[SourceTitle "CBM 155 Extra"]
[Source "ChessBase"]
[SourceDate "2013.08.26"]
[SourceVersion "1"]
[SourceVersionDate "2013.08.26"]
[SourceQuality "1"]

1. Nf3 f5 2. g3 Nf6 3. Bg2 e6 4. 0-0 Be7 5. c4 0-0 6. Nc3 d6 7. d4 Ne4 8. Qc2 Nxc3 9. Qxc3 a5 10. b3 Nc6 11. Bb2 Bf6 12. c5 e5 13. cxd6 cxd6 14. dxe5 dxe5 15. Rac1 Qe7 16. Ra1 1/2-1/2

[Event "SWE-chT2 1213"]
[Site "Sweden"]
[Date "2013.03.17"]
[Round "9"]
[White "Zetterberg, Staffan"]
[Black "Lindborg, Petter"]
[Result "0-1"]
[WhiteElo "2205"]
[BlackElo "2189"]
[PlyCount "212"]
[EventDate "2012.10.20"]
[EventType "team-tourn"]
[EventRounds "9"]
[EventCountry "SWE"]
[SourceTitle "EXT 2015"]
[Source "ChessBase"]
[SourceDate "2014.11.20"]
[SourceVersion "1"]
[SourceVersionDate "2014.11.20"]
[SourceQuality "1"]
[WhiteTeam "Orebro"]
[BlackTeam "Solna"]
[WhiteTeamCountry "SWE"]
[BlackTeamCountry "SWE"]

1. Nf3 f5 2. c4 e6 3. g3 Nf6 4. Bg2 Be7 5. 0-0 0-0 6. b3 d6 7. Bb2 Nc6 8. d4 Ne4 9. Nbd2 Bf6 10. Qc2 Nxd2 11. Qxd2 e5 12. e3 Qe8 13. b4 e4 14. Ne1 Ne7 15. d5 Bxb2 16. Qxb2 b5 17. f3 bxc4 18. fxe4 Ng6 19. Qd4 a5 20. exf5 Ne5 21. bxa5 Rxf5 22. Nf3 Rxa5 23. Nxe5 Rxe5 24. e4 h6 25. Qxc4 Ba6 26. Qxc7 Bxf1 27. Rxf1 Ra6 28. Rb1 Re7 29. Qc4 Ra8 30. Re1 Qa4 31. Qc3 Qxa2 32. Bh3 Rf8 33. Be6+ Kh7 34. e5 Qf2+ 35. Kh1 dxe5 36. Qxe5 Rb7 37. Qe2 Qxe2 38. Rxe2 Rb6 39. Kg2 Kg6 40. Rc2 Kf6 41. Rf2+ Ke7 42. Rc2 Kd6 43. h4 Rb7 44. Rc6+ Ke5 45. Rc2 Rd8 46. Re2+ Kd4 47. Rd2+ Ke3 48. Rf2 Rc7 49. Rf3+ Ke4 50. Rf4+ Ke5 51. Rf5+ Kd6 52. Rf2 Rb8 53. Ra2 Rcb7 54. g4 Rb2+ 55. Rxb2 Rxb2+ 56. Kf3 Ke5 57. h5 Rb3+ 58. Ke2 Kd4 59. Kf2 Ke5 60. Ke2 Ra3 61. Kd2 Ke4 62. Kc2 Ra6 63. Kc3 Ke5 64. Kd3 Ra4 65. Ke3 Rd4 66. Kf3 Ra4 67. Ke3 Kf6 68. Kd3 Ke5 69. Ke3 Ra1 70. Kd3 Rd1+ 71. Ke2 Rd4 72. Ke3 Rf4 73. Kd3 Rf6 74. Ke3 Kd6 75. Kd4 g5 76. hxg6 Rxg6 77. Ke4 Rf6 78. Kd4 Rf1 79. Ke4 Rf8 80. Kd4 Rf4+ 81. Ke3 Ke5 82. Kd3 Re4 83. Kd2 Kd4 84. Kc2 Re2+ 85. Kb3 Rd2 86. Bf7 Rf2 87. Be6 Rg2 88. Ka3 Kc4 89. d6+ Kc5 90. d7 Rd2 91. Kb3 Rd6 92. Kc3 Rd1 93. Kc2 Rd6 94. Kc3 Kc6 95. Kc4 Kc7 96. Bf5 Rd1 97. Kc5 Rd2 98. Kb5 h5 99. Kc4 h4 100. g5 Rg2 101. g6 Rg5 102. Be4 Kxd7 103. Kd4 Ke6 104. Ke3 h3 105. Kf4 Kf6 106. g7 Rxg7 0-1

[Event "SWE-chT2 1213"]
[Site "Sweden"]
[Date "2012.12.02"]
[Round "4"]
[White "Bergstrom, Rolf"]
[Black "Lindborg, Petter"]
[Result "1-0"]
[WhiteElo "2286"]
[BlackElo "2189"]
[PlyCount "82"]
[EventDate "2012.10.20"]
[EventType "team-tourn"]
[EventRounds "9"]
[EventCountry "SWE"]
[SourceTitle "EXT 2015"]
[Source "ChessBase"]
[SourceDate "2014.11.20"]
[SourceVersion "1"]
[SourceVersionDate "2014.11.20"]
[SourceQuality "1"]
[WhiteTeam "Stockholm SS"]
[BlackTeam "Solna"]
[WhiteTeamCountry "SWE"]
[BlackTeamCountry "SWE"]

1. e4 e6 2. d4 d5 3. e5 c5 4. c3 Nc6 5. Nf3 Bd7 6. Be2 f6 7. 0-0 Qc7 8. Bf4 Nge7 9. Bg3 Qb6 10. dxc5 Qxb2 11. Nbd2 Nf5 12. exf6 gxf6 13. c4 Nxg3 14. hxg3 Bxc5 15. cxd5 exd5 16. Rb1 Qa3 17. Rxb7 0-0-0 18. Rb3 Qa4 19. Qc2 Bb4 20. a3 Rde8 21. Bd3 Bxd2 22. Rb8+ Kxb8 23. Qxa4 Bh6 24. Qb5+ Kc7 25. Qxd5 Re6 26. Qh5 Rd6 27. Bb5 Bg5 28. Nxg5 fxg5 29. Qxg5 Rd8 30. Qc5 Ra8 31. Rc1 a6 32. Be2 Rf6 33. Bf3 Rb8 34. Qe5+ Rd6 35. Qf4 Rb6 36. g4 h6 37. Kh2 Be8 38. Rc5 Rb5 39. Rc3 Kd7 40. Bxc6+ Rxc6 41. Rxc6 Kxc6 1-0

[Event "Stockholm op"]
[Site "Stockholm"]
[Date "2011.08.20"]
[Round "8"]
[White "Norlin, Egor"]
[Black "Lindborg, Petter"]
[Result "0-1"]
[WhiteElo "1979"]
[BlackElo "2179"]
[PlyCount "162"]
[EventDate "2011.06.01"]
[EventType "swiss"]
[EventRounds "7"]
[EventCountry "SWE"]
[SourceTitle "CBM 142 Extra"]
[Source "ChessBase"]
[SourceDate "2011.06.27"]
[SourceVersion "1"]
[SourceVersionDate "2011.06.27"]
[SourceQuality "1"]

1. d4 e6 2. c4 f5 3. Nc3 Nf6 4. Nf3 Bb4 5. Bd2 0-0 6. e3 b6 7. Be2 Bb7 8. 0-0 d6 9. a3 Bxc3 10. Bxc3 Ne4 11. Rc1 Nd7 12. Nd2 Nxc3 13. Rxc3 e5 14. b4 c5 15. bxc5 bxc5 16. d5 Qa5 17. Rb3 Ba6 18. e4 f4 19. Qc2 Rab8 20. Rfb1 Rxb3 21. Rxb3 Nb6 22. Kf1 Qa4 23. Rc3 Qxc2 24. Rxc2 Na4 25. Ke1 Rb8 26. Kd1 Kf7 27. Kc1 g6 28. Bg4 Ke7 29. Ra2 Kd8 30. Kc2 Kc7 31. Be2 Bc8 32. Nb3 Bd7 33. Ra1 g5 34. Rb1 g4 35. Nd2 Rg8 36. g3 Rf8 37. Rf1 Rf6 38. Nb1 Nb6 39. Nc3 h5 40. Bd3 a6 41. Kd2 h4 42. Ke1 Rf8 43. Kd2 Be8 44. Be2 Bd7 45. Bd3 Ba4 46. Nxa4 Nxa4 47. Bc2 Nb6 48. Bd3 Nd7 49. Re1 Rh8 50. Rg1 hxg3 51. hxg3 Rh2 52. Ke2 Nf6 53. Ke1 Rh8 54. Ke2 Rh3 55. Ke1 Nh5 56. Bf1 Rh2 57. gxf4 Nxf4 58. Rxg4 Rh7 59. Bg2 Kb6 60. Kf1 Rf7 61. Rg3 Ka5 62. Rb3 Ka4 63. Rb6 Kxa3 64. Rxd6 Kb4 65. Rxa6 Kxc4 66. Bf3 Nd3 67. Be2 Rxf2+ 68. Kg1 Rxe2 69. d6 Rb2 70. Ra4+ Kc3 71. d7 Rb8 72. Ra7 Kd4 73. Rc7 Rd8 74. Kf1 Kxe4 75. Ke2 Kd4 76. Ra7 Nf4+ 77. Kd2 Nd5 78. Ra4+ c4 79. Ra7 Nf6 80. Ra6 Ne4+ 81. Kc2 Rxd7 0-1

[Event "Warsaw Najdorf Memorial op-A"]
[Site "Warsaw"]
[Date "2011.07.19"]
[Round "6"]
[White "Strzelecki, Jerzy"]
[Black "Lindborg, Petter"]
[Result "1/2-1/2"]
[WhiteElo "2145"]
[BlackElo "2179"]
[PlyCount "82"]
[EventDate "2011.07.13"]
[EventType "swiss"]
[EventRounds "9"]
[EventCountry "POL"]
[SourceTitle "CBM 143 Extra"]
[Source "ChessBase"]
[SourceDate "2011.08.29"]
[SourceVersion "1"]
[SourceVersionDate "2011.08.29"]
[SourceQuality "1"]

1. Nf3 f5 2. c4 Nf6 3. d4 e6 4. g3 Be7 5. Bg2 0-0 6. 0-0 d6 7. Nc3 Ne4 8. Qc2 Nxc3 9. Qxc3 a5 10. b3 Nc6 11. Bb2 Bf6 12. a3 e5 13. Qd2 Qe7 14. e3 g5 15. Ne1 f4 16. d5 Nd8 17. exf4 gxf4 18. gxf4 exf4 19. Nf3 Qg7 20. Bxf6 Rxf6 21. Kh1 Bg4 22. Rae1 Qf8 23. Rg1 Rg6 24. Re4 Nf7 25. Qxf4 Bxf3 26. Bxf3 Ne5 27. Be2 Qg7 28. Rxg6 Qxg6 29. Qg3 Rf8 30. f4 Nd7 31. Re6 Qg7 32. Re7 Rf7 33. Re8+ Rf8 34. Qxg7+ Kxg7 35. Rxf8 Kxf8 36. Kg2 Kf7 37. Kf3 Nf6 38. Bd3 h6 39. Bf5 Ke7 40. Ke3 Kd8 41. h3 b6 1/2-1/2

[Event "Warsaw Najdorf Memorial op-A"]
[Site "Warsaw"]
[Date "2011.07.17"]
[Round "4"]
[White "Wisniowska, Klaudia"]
[Black "Lindborg, Petter"]
[Result "1/2-1/2"]
[WhiteElo "2037"]
[BlackElo "2179"]
[PlyCount "134"]
[EventDate "2011.07.13"]
[EventType "swiss"]
[EventRounds "9"]
[EventCountry "POL"]
[SourceTitle "CBM 143 Extra"]
[Source "ChessBase"]
[SourceDate "2011.08.29"]
[SourceVersion "1"]
[SourceVersionDate "2011.08.29"]
[SourceQuality "1"]

1. e4 e6 2. d4 d5 3. Nc3 Bb4 4. Nge2 dxe4 5. a3 Bxc3+ 6. Nxc3 Nc6 7. Bb5 Nge7 8. Bg5 f6 9. Be3 0-0 10. Qd2 f5 11. 0-0-0 a6 12. Bxc6 Nxc6 13. d5 Ne5 14. Qd4 Nf7 15. Bf4 e5 16. Bxe5 Nxe5 17. Qxe5 Re8 18. Qf4 Qd6 19. Qxd6 cxd6 20. a4 Bd7 21. Rd4 b5 22. axb5 axb5 23. Kd2 Kf7 24. Rb4 Ra5 25. Ke3 Kf6 26. Kd4 Rea8 27. g4 g6 28. gxf5 gxf5 29. Rg1 Ra1 30. Rg2 Rf1 31. Nxb5 Bxb5 32. Rxb5 Rd1+ 33. Ke3 Ke5 34. f4+ exf3 35. Kxf3 Rf1+ 36. Rf2 Re1 37. Rb7 Kxd5 38. Rxh7 Ra2 39. Rh5 Ke6 40. Rh6+ Ke5 41. Rh8 Rb1 42. Re8+ Kf6 43. b3 Rbb2 44. Ree2 Ra5 45. h4 Rc5 46. Kf4 Ra2 47. Rh2 Ra8 48. h5 Re5 49. Rd2 Re4+ 50. Kf3 Re6 51. Rdg2 Kf7 52. Kf4 Rh8 53. Kxf5 Re5+ 54. Kg4 Rg8+ 55. Kf4 Rxh5 56. Rxg8 Rxh2 57. Rc8 Re2 58. b4 Ke7 59. Kf3 Re1 60. Rc3 Kd7 61. Re3 Rb1 62. c3 Kc6 63. Ke4 Rd1 64. Rd3 Rh1 65. Rd2 Rh3 66. Rc2 Kb5 67. Kd5 Rd3+ 1/2-1/2

[Event "SWE-chT 1011"]
[Site "Sweden"]
[Date "2010.10.10"]
[Round "3.8"]
[White "Lindborg, Petter"]
[Black "Andersson, Johan"]
[Result "1-0"]
[WhiteElo "2146"]
[BlackElo "2117"]
[PlyCount "78"]
[EventDate "2010.10.08"]
[EventType "team-tourn"]
[EventRounds "11"]
[EventCountry "SWE"]
[SourceTitle "CBM 138 Extra"]
[Source "ChessBase"]
[SourceDate "2010.10.29"]
[SourceVersion "1"]
[SourceVersionDate "2010.10.29"]
[SourceQuality "1"]
[WhiteTeam "Solna"]
[BlackTeam "Eksjo"]
[WhiteTeamCountry "SWE"]
[BlackTeamCountry "SWE"]

1. d4 d6 2. Nf3 f5 3. c4 Nf6 4. Nc3 g6 5. e3 Bg7 6. Be2 0-0 7. 0-0 Qe8 8. b4 e5 9. dxe5 dxe5 10. Bb2 Nc6 11. b5 Nd8 12. Ba3 Rf7 13. Ng5 Rd7 14. Qb3 h6 15. c5+ Kh8 16. Nf3 c6 17. Bc4 e4 18. Nd4 Ng4 19. h3 Ne5 20. Rad1 Nxc4 21. Qxc4 Re7 22. Nce2 Nf7 23. Qa4 Ne5 24. Rd2 cxb5 25. Qxb5 Bd7 26. Qb3 Ba4 27. Qb4 a5 28. Qc3 Bc6 29. Bb2 a4 30. Nxc6 bxc6 31. Qc2 a3 32. Bxe5 Bxe5 33. Nd4 Rd8 34. Rfd1 Red7 35. Qa4 Bxd4 36. Qxc6 Rc8 37. Qa4 Rdc7 38. Qxd4+ Kh7 39. Rc1 Qb5 1-0